000 00232nam a2200097Ia 4500
008 230915s9999 xx 000 0 und d
050 _aQA276.M33
100 _aJAMES T.MCCLAVE
245 2 _aA FIRST COURSE IN STATISTICS
942 _cBK
999 _c186824
_d186824